Statistics for NFL Team Nicknames Quiz

Click here to take the quiz!

General Stats

  • This quiz has been taken 59,427 times
    (43,870 since last reset)
  • The average score is 10 of 19

Answer Stats

Who or What Nickname % Correct
Packers Fans{Cheese}heads
88%
Cowboys{America}'s Team
83%
1970s Steelers DefenseSteel {Curtain}
77%
Seahawks FansThe {12th} Man
72%
Raiders FansRaider {Nation}
67%
Browns FansThe Dawg {Pound}
67%
Lambeau FieldThe {Frozen} Tundra
67%
New York GiantsG-{Men}
67%
1999-2001 RamsThe Greatest Show on {Turf}
64%
1970s Vikings DefensePurple {People} {Eaters}
59%
New York JetsGang {Green}
52%
1998 Falcons{Dirty} Birds
50%
Bears DefenseMonsters of the {Midway}
46%
1970s Broncos DefenseOrange {Crush}
39%
Green Bay{Title} Town
28%
1980s Redskins O-LineThe {Hogs}
28%
NFC North{Black} & {Blue} Division
26%
1970s Dolphins DefenseNo {Name} Defense
22%
1986 Giants DefenseBig Blue {Wrecking} {Crew}
13%

Score Distribution

Percentile by Number Answered

Percent of People with Each Score

Your Score History

You have not taken this quiz since the last reset